Istoria tes syghrones Elladas : polemos 1940-1941, katohe, ethnike antistase, apeleftherose, Dekemvrios 1944 - Varkiza /

Saved in:
Bibliographic Details
Main Author: Vournas, Tasos
Format: Book
Language:Greek
Published: Athena : Tolide, 1980.
Subjects:
LEADER 01054nam a2200277 i 4500
001 c000411879
003 CARM
005 00000000000000.0
008 920525s1980 gr 00000 gre d
019 1 |a 10068529 
040 |a VDU  |c VDU 
043 |a e-gr--- 
045 |a x4x4 
082 0 4 |a 949.5074 
100 1 |a Vournas, Tasos. 
245 1 0 |a Istoria tes syghrones Elladas :  |b polemos 1940-1941, katohe, ethnike antistase, apeleftherose, Dekemvrios 1944 - Varkiza /  |c Tasos Vournas. 
260 0 |a Athena :  |b Tolide,  |c 1980. 
300 |a 469 p. ; ;  |c 22 cm. 
500 |a Greek language material. 
650 0 |a World War, 1939-1945  |x Campaigns  |z Greece. 
651 0 |a Greece  |x History  |y Occupation, 1941-1944. 
651 0 |a Greece  |x History  |y Civil War, 1944-1949. 
740 0 0 |a Istoria tes syghrones Elladas, 1940-1945. 
852 8 |b CARM  |h A3:AF22B0  |i B11909  |p 0569092  |f BK 
999 f f |i 38427c31-fd10-5060-b15f-9257c2d8f562  |s 120d679a-576f-5fff-b589-d4927ce7faf3 
952 f f |p Can circulate  |a CAVAL  |b CAVAL  |c CAVAL  |d CARM 1 Store  |e B11909  |f A3:AF22B0  |h Other scheme  |i book  |m 0569092